000 00798cam a2200277 4500
008 000000n1988 000 0 eng u
020 _a0582009715
035 _a(Sirsi) u108392
050 _a690
100 _aReid, Esmond
245 _aUnderstanding buildings : a multidisciplinary approach.
260 _aEdinburgh
_bAddison Weasley Longman Higher Education
_b1988
300 _axi, 212p. ; 25cm.
350 _a22.99
650 _aSTRUCTURES
650 _aLIGHTING
650 _aENCLOSURE
650 _aBUILT ENVIRONMENT-CONSTRUCTION DESIGN-ACOUSTICS
650 _aMANAGEMENT-HEALTH AND SAFETY-FIRE SAFETY
650 _aHEATING
650 _aVENTILATION
650 _aUtilities
_96272
650 _aDESIGN
690 _aBUILT ENVIRONMENT-CONSTRUCTION DESIGN
942 _n0
999 _c100781
_d100781